000 00296nam a2200121Ia 4500
008 191201s2011 xx 000 0 und d
100 _aPANDEY, I.M.
245 0 _aFinancial management
260 _aN. delhi
_bVikas Publication House
_c2011
300 _a879
650 _aBBA
942 _2ddc
_cBK
_012
999 _c6594
_d6594